Examens et docimologie

Kaydedildi:
Detaylı Bibliyografya
Yazar: Piéron, Henri (Yazar)
Materyal Türü: Kitap
Dil:Fransızca
Baskı/Yayın Bilgisi: París Presses Universitaires de France 1963
Seri Bilgileri:<Le >Psychologue
Konular:
Etiketler: Etiketle
Etiket eklenmemiş, İlk siz ekleyin!

MARC

LEADER 00000nam a2200000 a 4500
001 UCU1579
003 CL-VaPUC
008 960409e19630000FR |||||||||||||||||fre|d
082 0 4 |a 371.26  |b PIE  |2 21 
100 0 |a Piéron, Henri  |e author  |9 357222 
245 1 0 |a Examens et docimologie 
300 |a 190 p 
942 |c BK 
945 |d 19960409 00:00:00  |a lriquelm 
260 |a París  |b Presses Universitaires de France  |c 1963 
650 0 |a Evaluación de la educación   |9 237505 
650 7 |a MEDICION EDUCACIONAL  |2 CL-VaPUC  |9 343534 
650 7 |a DOCIMOLOGIA  |2 CL-VaPUC  |9 357223 
650 0 |a Exámenes  |9 340201 
650 0 |a Gestión educacional   |9 261035 
583 |a last modification  |c 19960409 00:00:00  |k Rodrigo Vera 
490 0 |a <Le >Psychologue 
999 |c 246141  |d 246139 
952 |0 0  |1 0  |4 0  |6 371_260000000000000_PIE_1963  |7 0  |8 P  |9 260890  |a BIBEDU  |b BIBEDU  |c BIBEDU_PB  |d 2019-11-19  |i 2013185  |o 371.26 PIE 1963  |p 2013185  |r 2024-01-25  |w 2019-11-19  |y BK  |k EDU